000
00338cam a22001575a 4500
001
L143974
002
9299
008
080610s xxk f 000 0 eng d
020
_a
9780727734365
035
_a
(Sirsi) u143974
041
0
_a
eng
100
1
_a
Howe,J
245
0
0
_a
Planning and Flooding
651
4
_a
ENGLAND AND WALES
942
_n
0
999
_c
108327
_d
108327